[Event "Dresden ZMD op"]
[Site "Dresden"]
[Date "2009.07.26"]
[Round "2"]
[White "Rudolf, Sebastian"]
[Black "Bochmann, Christopher"]
[Result "1-0"]
[WhiteElo "2162"]
[BlackElo "1830"]
[PlyCount "59"]
[EventDate "2009.07.25"]
[EventType "swiss"]
[EventRounds "9"]
[EventCountry "GER"]
[SourceTitle "CBM 131 Extra"]
[Source "ChessBase"]
[SourceDate "2009.09.03"]
[SourceVersion "2"]
[SourceVersionDate "2009.09.16"]
[SourceQuality "1"]

1. e4 e6 2. d4 d5 3. Nd2 Nf6 4. e5 Nfd7 5. c3 c5 6. f4 Qb6 7. Ndf3 Nc6 8. Ne2 Be7 9. g3 Qc7 10. Bh3 Nb6 11. 0-0 g6 12. Kh1 Bd7 13. Qd3 cxd4 14. Nexd4 Nxd4 15. Nxd4 Qc4 16. Qf3 Qc8 17. b3 0-0 18. Bd2 f6 19. Qe3 f5 20. g4 Bc5 21. gxf5 Bxd4 22. cxd4 exf5 23. Rac1 Bc6 24. Bb4 Re8 25. Rg1 Qe6 26. Rg5 Kf7 27. Bxf5 gxf5 28. Qh3 Re7 29. Qxh7+ Ke8 30. Bxe7 1-0